00513nam a2200169 a 450000100100000000500170001000800410002702000150006804000250008308200130010810000150012124500550013625000110019126000550020230000330025750000530029000004305320201002040613.0140218s1982 caua 000 0 spa d a0960068880 aDO-SdBNPbspacBNPHU axxxbxxx1 aKeyes, Ken10aHandbook to higher consciousness /cKen Keyes, Jr. a6a ed, aBerkeley, California :bLiving Love Center,c1982. axvi, 215 p. :bil. ;c22 cm. aFirst-2d ed. published under title: Living love.